[Event "Moscow Open C University Men"]
[Site "Moscow RUS"]
[Date "2011.02.01"]
[Round "4.3"]
[White "Ponkratov, Pavel"]
[Black "Potapov, Pavel"]
[Result "1/2-1/2"]
[WhiteTitle "GM"]
[BlackTitle "IM"]
[WhiteElo "2581"]
[BlackElo "2470"]
[WhiteFideId "4157800"]
[BlackFideId "4169786"]
[EventDate "2011.01.29"]

1. e4 c5 2. Nf3 Nc6 3. d4 cxd4 4. Nxd4 e5 5. Nb5 d6 6. c4 Be7 7. N1c3 a6 8. Na3
f5 9. exf5 Bxf5 10. Nc2 Nf6 11. Ne3 Be6 12. g3 O-O 13. Bg2 Kh8 14. O-O Qd7 15.
Ned5 Bd8 16. Be3 Rc8 17. b3 b5 18. Nxf6 Bxf6 19. Nd5 Bd8 20. cxb5 axb5 21. Qd3
Bxd5 22. Qxd5 Nb4 23. Qb7 Qxb7 24. Bxb7 Rc7 25. Bg2 Nc2 26. Rad1 Nxe3 27. fxe3
Rxf1+ 28. Bxf1 Bg5 29. Bxb5 Bxe3+ 30. Kg2 Bd4 31. Rd2 d5 32. a4 Rc3 33. Rd3 Rc2+
34. Kh1 g6 35. b4 Rb2 36. Bc6 Rxb4 37. Ra3 e4 38. Bxd5 e3 39. Ra2 Rb2 1/2-1/2

[Event "Moscow Open C University Men"]
[Site "Moscow RUS"]
[Date "2011.02.01"]
[Round "4.4"]
[White "Kharitonov, Alexandr"]
[Black "Sharafiev, Azat"]
[Result "1-0"]
[WhiteTitle "GM"]
[BlackTitle "FM"]
[WhiteElo "2552"]
[BlackElo "2462"]
[WhiteFideId "4135202"]
[BlackFideId "4186214"]
[EventDate "2011.01.29"]

1. d4 Nf6 2. c4 e6 3. Nc3 Bb4 4. e3 O-O 5. Bd3 c5 6. Nf3 d5 7. O-O dxc4 8. Bxc4
Nbd7 9. Qe2 cxd4 10. exd4 Nb6 11. Bd3 Nbd5 12. Bd2 Bd7 13. Ne5 Rc8 14. Rac1 Bc6
15. Nxc6 Rxc6 16. Nxd5 Nxd5 17. Rxc6 bxc6 18. Bc1 Qh4 19. Rd1 Be7 20. g3 Qh3 21.
Be4 Rd8 1-0

[Event "Moscow Open C University Men"]
[Site "Moscow RUS"]
[Date "2011.02.01"]
[Round "4.5"]
[White "Ovetchkin, Roman"]
[Black "Efanov, Nikolai"]
[Result "1/2-1/2"]
[WhiteTitle "GM"]
[BlackTitle "IM"]
[WhiteElo "2498"]
[BlackElo "2421"]
[WhiteFideId "4119991"]
[BlackFideId "4187997"]
[EventDate "2011.01.29"]

1. d4 d5 2. Nf3 Nf6 3. c4 c6 4. e3 e6 5. b3 Bb4+ 6. Nbd2 c5 7. Bb2 cxd4 8. exd4
b6 9. Bd3 Nbd7 10. O-O Bb7 11. Qe2 O-O 12. Rfd1 Rc8 13. Nf1 Re8 14. Ng3 Bf8 15.
Rac1 g6 16. Qe3 Bg7 17. h3 Rc7 18. Ba3 Qa8 19. Be2 Rcc8 20. Bd6 dxc4 21. bxc4
Bc6 22. Kh2 Qb7 23. Qa3 Qa8 24. Qe3 a6 25. Ne5 b5 26. Nxc6 Qxc6 27. c5 Nd5 28.
Qf3 Bf8 29. Bxf8 Rxf8 30. Ne4 Kg7 31. g3 1/2-1/2

[Event "Moscow Open C University Men"]
[Site "Moscow RUS"]
[Date "2011.02.01"]
[Round "4.6"]
[White "Nozdrachev, Vladislav"]
[Black "Novikov, Stanislav"]
[Result "1-0"]
[WhiteTitle "FM"]
[BlackTitle "GM"]
[WhiteElo "2438"]
[BlackElo "2568"]
[WhiteFideId "24113441"]
[BlackFideId "4125371"]
[EventDate "2011.01.29"]

1. e4 c5 2. Nf3 Nc6 3. Bb5 d6 4. Bxc6+ bxc6 5. O-O e5 6. c3 f5 7. exf5 Bxf5 8.
d4 e4 9. Re1 Be7 10. dxc5 d5 11. Nd4 Qd7 12. b4 Nf6 13. Bf4 O-O 14. Nd2 Ng4 15.
Bg3 h5 16. f3 exf3 17. N2xf3 Be4 18. h3 h4 19. Nxh4 Ne5 20. Qh5 Nd3 21. Re3 Rf6
22. Qe2 g5 23. Nhf3 g4 24. Ng5 Rf2 25. Bxf2 Nf4 1-0

[Event "Moscow Open C University Men"]
[Site "Moscow RUS"]
[Date "2011.02.01"]
[Round "4.7"]
[White "Dimukhametov, Artur"]
[Black "Papin, Vasily"]
[Result "0-1"]
[WhiteTitle "FM"]
[BlackTitle "IM"]
[WhiteElo "2354"]
[BlackElo "2568"]
[WhiteFideId "4195680"]
[BlackFideId "4143183"]
[EventDate "2011.01.29"]

1. d4 d5 2. c4 e6 3. Nc3 c6 4. Nf3 dxc4 5. a4 Bb4 6. Bd2 a5 7. e3 b5 8. Ne5 Nf6
9. axb5 Bxc3 10. Bxc3 cxb5 11. b3 Bb7 12. bxc4 b4 13. Bd2 O-O 14. f3 Nbd7 15.
Nd3 Qc7 16. Be2 e5 17. d5 Nc5 18. Nb2 Rfb8 19. O-O Bc8 20. f4 e4 21. Be1 Bd7 22.
Bg3 Qb6 23. f5 Rc8 24. Qd4 a4 25. Be5 a3 26. d6 Qd8 27. Rab1 a2 28. Ra1 Nb3 29.
Qd1 Nxa1 30. Qxa1 Qb6 31. Nd1 Ne8 32. f6 g6 33. Bd4 Qxd6 34. Nf2 Qc6 35. c5 Nc7
36. Ng4 Bxg4 37. Bxg4 Rd8 38. Qb2 Nb5 39. Be5 Qxc5 40. Be6 Qxe3+ 41. Kh1 a1=Q 0-1

[Event "Moscow Open C University Men"]
[Site "Moscow RUS"]
[Date "2011.02.01"]
[Round "4.8"]
[White "Matsenko, Sergei"]
[Black "Shlegin, Stanislav"]
[Result "1/2-1/2"]
[WhiteTitle "IM"]
[BlackTitle "FM"]
[WhiteElo "2475"]
[BlackElo "2326"]
[WhiteFideId "4170083"]
[BlackFideId "24112089"]
[EventDate "2011.01.29"]

1. e4 g6 2. d4 Bg7 3. Nc3 d6 4. f4 Nf6 5. Bd3 O-O 6. Nf3 Nc6 7. O-O Bg4 8. e5
dxe5 9. dxe5 Nd5 10. h3 Nxc3 11. bxc3 Bf5 12. Qe2 Qd7 13. Rd1 Rfd8 14. Be3 Bxd3
15. cxd3 b5 16. Rac1 e6 17. Ng5 b4 18. Bc5 bxc3 19. Rxc3 Rab8 20. Ne4 a5 21.
Rdc1 Qd5 22. Qf2 Nb4 23. Bxb4 Rxb4 24. Ra3 Rd4 25. Rcc3 Qb5 26. Qc2 Bf8 27. Rab3
Rb4 28. Kh2 c6 29. Qf2 Be7 30. Qa7 Kf8 31. Qc7 c5 32. Nxc5 Rxb3 33. axb3 Rd5 34.
Ne4 Rxd3 35. Nd6 Rxc3 36. Qxc3 Qb6 37. Nc4 Bb4 38. Nxb6 Bxc3 39. Kg3 h5 40. Kf3
Ke8 41. Ke4 Kd8 42. Na4 Bb4 43. Nb2 Kc7 44. g4 hxg4 45. hxg4 Kc6 46. Nc4 Bc3 47.
Kd3 Bb4 48. Kd4 Bc5+ 49. Kd3 Kb5 50. Kc2 Kb4 51. Nb2 Bd4 52. Nd3+ Kb5 53. Kd2
Kc6 54. Ne1 Kd5 55. Kd3 Bb2 56. g5 Ba3 57. Ng2 Kc5 58. Kc3 Kb5 59. Ne3 Bb4+ 60.
Kd3 Bc5 61. Ng4 Kb4 62. Kc2 Bd4 63. Kd3 Bb6 64. Kc2 Ba7 65. Kb2 Bd4+ 66. Kc2 Ba7
67. Kb2 Bb6 68. Kc2 Bg1 69. Kb2 Bd4+ 70. Kc2 Bb6 1/2-1/2

[Event "Moscow Open C University Men"]
[Site "Moscow RUS"]
[Date "2011.02.01"]
[Round "4.9"]
[White "Bagrationi, Alexander"]
[Black "Rakhimgaliyev, Yerlan"]
[Result "1-0"]
[WhiteTitle "IM"]
[BlackTitle "FM"]
[WhiteElo "2459"]
[BlackElo "2320"]
[WhiteFideId "14104954"]
[BlackFideId "13705148"]
[EventDate "2011.01.29"]

1. d4 Nf6 2. c4 g6 3. Nc3 Bg7 4. e4 d6 5. Nf3 O-O 6. Be2 e5 7. O-O Nc6 8. d5 Ne7
9. Ne1 Ne8 10. Nd3 f5 11. f3 f4 12. b4 g5 13. a4 Ng6 14. c5 h5 15. h3 Rf7 16. a5
Bf8 17. c6 Rg7 18. cxb7 Bxb7 19. Nf2 Nf6 20. b5 Nh4 21. Ra3 Qe8 22. b6 a6 23.
Na2 Qg6 24. Nb4 g4 25. fxg4 Nxe4 26. Bd3 Nxf2 27. Rxf2 e4 28. Bb1 hxg4 29. Rxf4
Re8 30. Rg3 Nf5 31. Rgxg4 Qf6 32. Bxe4 Qd4+ 33. Qxd4 Nxd4 34. Kf2 Bc8 35. Bb2
Rxg4 36. hxg4 Bh6 37. Bxd4 Bxf4 38. Bf5 cxb6 39. Bxc8 Rxc8 40. axb6 Rf8 41. Ke2
a5 42. Nc6 a4 43. Kd3 a3 44. Kc2 Be5 45. Nxe5 dxe5 46. Bxe5 Rf7 47. Kb3 Kf8 48.
Bc7 Rf1 49. Ka2 1-0

[Event "Moscow Open C University Men"]
[Site "Moscow RUS"]
[Date "2011.02.01"]
[Round "4.10"]
[White "Krivenko, Sergey"]
[Black "Shukh, Nikolai"]
[Result "1/2-1/2"]
[BlackTitle "IM"]
[WhiteElo "2326"]
[BlackElo "2442"]
[WhiteFideId "24124753"]
[BlackFideId "24102580"]
[EventDate "2011.01.29"]

1. d4 Nf6 2. c4 e6 3. Nf3 b6 4. g3 Ba6 5. Qc2 Bb7 6. Bg2 c5 7. d5 exd5 8. cxd5
Nxd5 9. O-O Nc7 10. Nc3 Be7 11. Rd1 Qc8 12. Bf4 Ne6 13. Nd5 Bxd5 14. Rxd5 Nc6
15. Qe4 O-O 16. Rad1 Rd8 17. Ne5 Nxf4 18. gxf4 Nxe5 19. fxe5 Rb8 20. R1d3 b5 21.
Qf5 d6 22. Qxc8 Rbxc8 23. exd6 Bf6 24. Rd2 Kf8 25. e3 Rc6 26. Bh3 a6 27. Kf1 c4
28. e4 c3 29. bxc3 Bxc3 30. R2d3 Bb4 31. a3 Rc1+ 32. Kg2 Bc5 33. d7 Be7 34. Rf3
Ra1 35. Rdd3 Re1 36. Rfe3 Rxe3 37. Rxe3 a5 38. Rd3 b4 39. axb4 axb4 40. Bg4 Rb8
41. Bd1 Bd8 42. Bb3 Rb7 1/2-1/2

[Event "Moscow Open C University Men"]
[Site "Moscow RUS"]
[Date "2011.02.01"]
[Round "4.11"]
[White "Turutin, Alexander"]
[Black "Kurukin, Dmitry"]
[Result "0-1"]
[WhiteTitle "FM"]
[WhiteElo "2408"]
[BlackElo "2313"]
[WhiteFideId "4180623"]
[BlackFideId "24113174"]
[EventDate "2011.01.29"]

1. e4 c5 2. Nf3 d6 3. d4 cxd4 4. Nxd4 Nf6 5. Nc3 a6 6. Bg5 Nbd7 7. f4 Qc7 8. Qf3
h6 9. Bxf6 Nxf6 10. Nd5 Nxd5 11. exd5 g6 12. f5 gxf5 13. Nxf5 e6 14. dxe6 fxe6
15. Ng3 Qa5+ 16. c3 Be7 17. Be2 Rf8 18. Qe4 Qg5 19. Bh5+ Kd8 20. Rd1 Rf4 21. Qe2
Bd7 22. Bf3 Kc7 23. Ne4 Qe5 24. O-O d5 25. Ng3 Bc5+ 26. Kh1 Qxe2 27. Nxe2 Rf6
28. c4 dxc4 29. Rc1 Kb6 30. Rxc4 Bb5 31. Rc2 Rd8 0-1

[Event "Moscow Open C University Men"]
[Site "Moscow RUS"]
[Date "2011.02.01"]
[Round "4.12"]
[White "Seliverstov, Vladimir"]
[Black "Aldokhin, Ivan"]
[Result "1-0"]
[WhiteTitle "FM"]
[BlackTitle "IM"]
[WhiteElo "2304"]
[BlackElo "2391"]
[WhiteFideId "4192036"]
[BlackFideId "24115720"]
[EventDate "2011.01.29"]

1. d4 Nf6 2. c4 e6 3. g3 Bb4+ 4. Nd2 c5 5. Nf3 cxd4 6. Nxd4 Nc6 7. Nc2 Be7 8.
Bg2 O-O 9. O-O b6 10. b3 Bb7 11. Bb2 Qc7 12. Rc1 Rac8 13. e4 d6 14. Qe2 Nd7 15.
Rfd1 Bf6 16. Ba3 Rfd8 17. Ne3 Nd4 18. Qf1 g6 19. Nb1 Qb8 20. Rd2 Nc5 21. Bb2 e5
22. Nc3 Bg7 23. Ncd5 Re8 24. Rcd1 Bxd5 25. Nxd5 b5 26. Bxd4 exd4 27. cxb5 Nxe4
28. Bxe4 Rxe4 29. Nb4 Qb6 30. Nc6 Rce8 31. Qc4 Qb7 32. a4 Qd7 33. Nxd4 d5 34.
Qf1 h5 35. Nc6 d4 36. f3 R4e6 37. Kg2 h4 38. gxh4 Bh6 39. Rxd4 Re2+ 40. Kh1 Qe6
41. Rd8 Rxd8 42. Rxd8+ Kh7 43. Nd4 Qe7 44. Qxe2 Qxd8 45. Nc6 Qd7 46. Kg2 Bf4 47.
Qc2 Kh6 48. a5 Qd6 49. Qc3 Kh7 50. Qd4 1-0

[Event "Moscow Open C University Men"]
[Site "Moscow RUS"]
[Date "2011.02.01"]
[Round "4.13"]
[White "Polschikov, Alexey"]
[Black "Khmara, Maxim"]
[Result "1-0"]
[WhiteTitle "FM"]
[WhiteElo "2380"]
[BlackElo "2132"]
[WhiteFideId "24130583"]
[BlackFideId "4177681"]
[EventDate "2011.01.29"]

1. Nf3 e6 2. c4 d5 3. d4 Nf6 4. e3 Be7 5. Nbd2 O-O 6. Bd3 c5 7. dxc5 dxc4 8.
Nxc4 Bxc5 9. O-O Nc6 10. Qe2 Qc7 11. a3 e5 12. b4 Bxb4 13. axb4 e4 14. Bxe4 Nxe4
15. b5 Nc3 16. Qb2 Nd4 17. Nxd4 Qxc4 18. Ra3 Ne4 19. f3 Nd6 20. Rc3 Qd5 21. Rc7
Rd8 22. Qb4 a5 23. bxa6 Rxa6 24. Rc5 Qa2 25. Bb2 Ra4 26. Qb6 Rf8 27. Ra1 Nc4 28.
Qb5 Qxb2 29. Qxa4 Nxe3 30. Nc2 Qb6 31. Rb5 Qh6 32. Qb3 Nxc2 33. Qxc2 Qe3+ 34.
Qf2 Qd3 35. Rb6 Re8 36. h3 g6 37. Re1 Rxe1+ 38. Qxe1 Qd4+ 39. Qf2 Qd5 40. Rb2
Bd7 41. Rd2 Qe6 42. Qd4 Bc6 43. Kf2 h5 44. Qe3 Qxe3+ 45. Kxe3 Kg7 46. Rd6 f6 47.
h4 Kf7 48. Kd4 Bb5 49. Kc5 Bf1 50. Rd2 b5 51. Kd6 b4 52. Rb2 b3 53. Kd5 g5 54.
g3 Bh3 55. Kd6 gxh4 56. gxh4 Be6 57. f4 Bc4 58. f5 Bd3 59. Rxb3 Bxf5 60. Rb7+
Kg6 61. Ke7 Bd3 62. Rb3 Be4 63. Rb4 Kf5 64. Rb5+ Kg4 65. Kxf6 Kxh4 66. Rb4 Kg3
67. Rxe4 h4 68. Kg5 h3 69. Re3+ Kg2 70. Kg4 h2 71. Re2+ Kg1 72. Kg3 h1=N+ 73.
Kf3 Kf1 74. Rh2 Kg1 75. Ra2 1-0

[Event "Moscow Open C University Men"]
[Site "Moscow RUS"]
[Date "2011.02.01"]
[Round "4.14"]
[White "Rozhkov, Vecheslav"]
[Black "Yaksin, Oleg"]
[Result "0-1"]
[WhiteElo "2268"]
[BlackElo "2410"]
[WhiteFideId "4181484"]
[BlackFideId "24105880"]
[EventDate "2011.01.29"]

1. e4 c5 2. Nf3 d6 3. d4 cxd4 4. Nxd4 Nf6 5. Nc3 e6 6. Bg5 Be7 7. Qd2 Nc6 8.
O-O-O Qb6 9. Be3 Qa5 10. f3 O-O 11. g4 Nxd4 12. Bxd4 a6 13. Kb1 Qc7 14. g5 Nd7
15. f4 Re8 16. Rg1 b5 17. a3 Bb7 18. f5 g6 19. fxg6 hxg6 20. h4 Ne5 21. Qf4 Bf8
22. Be2 Bg7 23. h5 Rac8 24. h6 Bf8 25. Rdf1 Re7 26. h7+ Kh8 27. Qh2 Bg7 28. Rd1
Bxe4 29. Bxb5 Bxc2+ 30. Qxc2 axb5 31. Qb3 Qc4 32. Qxb5 Qxb5 33. Nxb5 d5 34. Rgf1
Kxh7 35. a4 Ra8 36. b3 Kg8 37. Rd2 Rd7 38. Rh2 Ng4 39. Rh4 e5 40. Rxg4 exd4 41.
Nxd4 Rb7 42. Ka2 Rb4 43. Rd1 Re8 44. Rd3 Re4 45. Nc2 Rxg4 46. Nxb4 Rxb4 47. Rxd5
Rd4 48. Rb5 f5 49. gxf6 Bxf6 50. Rb6 Kf7 51. a5 Rd1 52. b4 Ra1+ 53. Kb3 g5 54.
Rc6 g4 55. Rc4 g3 56. Rg4 Be5 57. Kc4 Ke6 58. Rg8 Kf5 59. Kd5 Bf4 0-1

[Event "Moscow Open C University Men"]
[Site "Moscow RUS"]
[Date "2011.02.01"]
[Round "4.15"]
[White "Barsamian, Eduard"]
[Black "Tilicheev, Viacheslav"]
[Result "1/2-1/2"]
[BlackTitle "FM"]
[WhiteElo "2213"]
[BlackElo "2338"]
[WhiteFideId "24102016"]
[BlackFideId "24114928"]
[EventDate "2011.01.29"]

1. d4 Nf6 2. c4 e6 3. Nc3 Bb4 4. Qc2 O-O 5. a3 Bxc3+ 6. Qxc3 d5 7. e3 b6 8. Nf3
Bb7 9. Be2 Nbd7 10. O-O a5 11. Rd1 Rc8 12. b4 c5 13. dxc5 axb4 1/2-1/2

[Event "Moscow Open C University Men"]
[Site "Moscow RUS"]
[Date "2011.02.01"]
[Round "4.16"]
[White "Shikin, Sergey"]
[Black "Omariev, Maksim"]
[Result "0-1"]
[BlackTitle "FM"]
[WhiteElo "1797"]
[BlackElo "2335"]
[WhiteFideId "4140060"]
[BlackFideId "4193423"]
[EventDate "2011.01.29"]

1. e4 c5 2. Nc3 Nc6 3. f4 g6 4. Nf3 Bg7 5. Bc4 e6 6. f5 Nge7 7. fxe6 fxe6 8. d3
d5 9. Bb3 b5 10. a3 O-O 11. O-O Bb7 12. Bg5 c4 13. dxc4 dxc4 14. Qxd8 Raxd8 15.
Ba2 a6 16. Rad1 h6 17. Be3 Nc8 18. Ne2 Rxd1 19. Rxd1 Rd8 20. Rb1 Nd6 21. b3 cxb3
22. Bxb3 Re8 23. Nf4 Kf7 24. Rd1 Nc4 25. Bxc4 bxc4 26. Rd7+ Re7 27. Rd6 Ne5 28.
Bd4 Nxf3+ 29. gxf3 Bxd4+ 30. Rxd4 e5 31. Rxc4 exf4 32. Kf2 Kf6 0-1

[Event "Moscow Open C University Men"]
[Site "Moscow RUS"]
[Date "2011.02.01"]
[Round "4.17"]
[White "Gutenev, Alexander"]
[Black "Piskun, Alexey"]
[Result "1-0"]
[WhiteTitle "FM"]
[WhiteElo "2328"]
[BlackElo "2213"]
[WhiteFideId "4195540"]
[BlackFideId "24105511"]
[EventDate "2011.01.29"]

1. e4 c5 2. Nf3 Nc6 3. d4 cxd4 4. Nxd4 Qb6 5. Nb3 Nf6 6. Nc3 e6 7. Bd3 Bb4 8.
O-O Bxc3 9. bxc3 O-O 10. Bg5 Ne8 11. Qh5 e5 12. Rad1 d6 13. Bc4 Qc7 14. Rd3 Ne7
15. Nd2 Ng6 16. Rd1 Kh8 17. Bb3 f6 18. Rf3 Qe7 19. Be3 b5 20. Nf1 Nc7 21. Ng3
Rd8 22. Nf5 Bxf5 23. Rxf5 Ne6 24. g3 Ngf4 25. Qh4 Ng6 26. Qh3 Ngf8 27. Rf3 Rac8
28. Bc1 a5 29. Qf1 a4 30. Bd5 Nc7 31. Ba3 Nfe6 32. Re3 Nc5 33. Rd2 Rb8 34. Qd1
N7a6 35. Bb4 Nxb4 36. cxb4 Na6 37. a3 Rbc8 38. Red3 Rc7 39. Ba2 Rc6 40. c4 Nc7
41. c5 Ne8 42. Kg2 g6 43. h4 Kg7 44. h5 f5 45. exf5 gxf5 46. Rd5 Nf6 47. Rxd6
Rcxd6 48. Rxd6 Rb8 49. Qf3 f4 50. Re6 Qc7 51. h6+ Kg6 52. Qg4+ 1-0

[Event "Moscow Open C University Men"]
[Site "Moscow RUS"]
[Date "2011.02.01"]
[Round "4.18"]
[White "Koreschikov, Maxim"]
[Black "Zimin, Alexey"]
[Result "1-0"]
[WhiteTitle "FM"]
[WhiteElo "2309"]
[BlackElo "2208"]
[WhiteFideId "24103900"]
[BlackFideId "4168925"]
[EventDate "2011.01.29"]

1. d4 d5 2. Nf3 Nf6 3. c4 c6 4. e3 a6 5. Nc3 Bf5 6. Nh4 Bg6 7. Qb3 Ra7 8. Nxg6
hxg6 9. a4 e6 10. Bd2 Bd6 11. h3 Nbd7 12. Be2 g5 13. Qc2 Ra8 14. e4 Nxe4 15.
Nxe4 dxe4 16. Qxe4 Rh4 17. Qd3 c5 18. d5 Ne5 19. Qb3 exd5 20. g3 dxc4 21. Qxb7
Rb8 22. Qg2 Rd4 23. Bc3 Bc7 24. O-O Qf6 25. Bxd4 cxd4 26. f4 gxf4 27. gxf4 Ng6
28. Bxc4 Nxf4 29. Qg4 Kf8 30. Ra3 g5 31. Raf3 Qe5 32. Qd7 Qe7 33. Qf5 Rxb2 34.
Kh1 Rb6 35. Qh7 Qf6 36. Re1 Rb8 37. Bxa6 Re8 38. Rxe8+ Kxe8 39. Qg8+ Ke7 40. Bb5
Qe5 41. Qe8+ Kf6 42. Qh8+ Ke6 43. Bc4+ Kd6 44. Qf8+ Qe7 45. Qxe7+ Kxe7 46. Ra3
d3 47. a5 d2 48. Bb3 Bb8 49. Bd1 Kd6 50. a6 Ba7 51. Rc3 f5 52. Kh2 g4 53. hxg4
fxg4 54. Bxg4 Ne6 55. Rd3+ Nd4 56. Rxd2 Kc6 57. Rb2 Bb6 58. Kg2 Kc7 59. Kg3 Nc6
60. Bf3 Na7 61. Kf4 Bg1 62. Ke5 Nc8 63. Rb7+ Kd8 64. Rh7 Na7 65. Kd6 Nb5+ 66.
Ke5 Bf2 67. Be2 1-0

[Event "Moscow Open C University Men"]
[Site "Moscow RUS"]
[Date "2011.02.01"]
[Round "4.19"]
[White "Shefer, Alexander"]
[Black "Dusenov, Ruslan"]
[Result "0-1"]
[WhiteElo "2202"]
[BlackElo "2285"]
[WhiteFideId "4198581"]
[BlackFideId "4160770"]
[EventDate "2011.01.29"]

1. d4 Nf6 2. c4 g6 3. Nc3 Bg7 4. e4 d6 5. Nf3 O-O 6. Be2 e5 7. O-O Nc6 8. d5 Ne7
9. Ne1 Nd7 10. Nd3 f5 11. f3 f4 12. Bd2 g5 13. b4 Nf6 14. c5 h5 15. cxd6 cxd6
16. Nf2 Ng6 17. h3 Rf7 18. Qc2 Bf8 19. a4 g4 20. fxg4 hxg4 21. hxg4 Rg7 22. Rfc1
Nh4 23. Qd1 a6 24. Kf1 Nh5 25. gxh5 Rxg2 26. Bf3 Qg5 27. Bxg2 Qxg2+ 28. Ke1 Nf3+
29. Ke2 Nd4+ 30. Kd3 Qg3+ 31. Kc4 Bd7 32. b5 a5 0-1

[Event "Moscow Open C University Men"]
[Site "Moscow RUS"]
[Date "2011.02.01"]
[Round "4.20"]
[White "Oganisjn, Roman"]
[Black "Tiukaev, Ilgiz"]
[Result "1-0"]
[WhiteElo "2293"]
[BlackElo "2117"]
[WhiteFideId "4153006"]
[BlackFideId "14201305"]
[EventDate "2011.01.29"]

1. e3 g6 2. d4 Bg7 3. g3 d6 4. Bg2 Nd7 5. Ne2 e5 6. O-O Ngf6 7. c4 O-O 8. b4 Re8
9. Bb2 exd4 10. exd4 Nb6 11. Na3 Bg4 12. Re1 c6 13. Qc2 Qd7 14. Nf4 Rxe1+ 15.
Rxe1 Re8 16. Qd2 Bf5 17. Re3 Rxe3 18. Qxe3 Ng4 19. Qd2 d5 20. h3 Nf6 21. g4 Bh6
22. Nxd5 Bxd2 23. Nxf6+ Kf8 24. Nxd7+ Bxd7 25. b5 Bb4 26. bxc6 bxc6 27. Nc2 Be7
28. Ne3 Ke8 29. Kf1 Bf6 30. Ke2 Kd8 31. Kd3 c5 32. Nd5 Bxd4 33. Bxd4 cxd4 34.
Nxb6 axb6 35. Kxd4 f6 36. Bd5 Kc7 37. c5 bxc5+ 38. Kxc5 Ba4 39. h4 h6 40. Bb3
Bc6 41. Bd1 Be4 42. a4 g5 43. hxg5 hxg5 44. a5 f5 45. gxf5 Bxf5 46. Be2 Be4 47.
Bc4 Bb7 48. a6 Bc8 49. a7 1-0

[Event "Moscow Open C University Men"]
[Site "Moscow RUS"]
[Date "2011.02.01"]
[Round "4.21"]
[White "Vetryansky, Vladimir"]
[Black "Kuzin, Sergey"]
[Result "1-0"]
[WhiteElo "2244"]
[BlackElo "2028"]
[WhiteFideId "24118613"]
[BlackFideId "24124796"]
[EventDate "2011.01.29"]

1. e4 e5 2. Nf3 Nc6 3. Bb5 Nf6 4. O-O Nxe4 5. d4 Nd6 6. dxe5 Nxb5 7. a4 Nbd4 8.
Nxd4 Nxd4 9. Qxd4 d5 10. Nc3 c6 11. Qd3 g6 12. b3 Bf5 13. Qe2 Qh4 14. a5 Bc5 15.
Nxd5 O-O-O 16. Nf6 g5 17. a6 Qb4 18. Qf3 Bxc2 19. Ba3 Qd4 20. axb7+ Kxb7 21.
Bxc5 Qxc5 22. Rac1 Rd2 23. Ne4 1-0

[Event "Moscow Open C University Men"]
[Site "Moscow RUS"]
[Date "2011.02.01"]
[Round "4.22"]
[White "Shvydkin, Pavel"]
[Black "Chizhikov, Vladislav"]
[Result "0-1"]
[WhiteElo "2064"]
[BlackElo "2225"]
[WhiteFideId "24148849"]
[BlackFideId "4178157"]
[EventDate "2011.01.29"]

1. e4 c5 2. Nc3 e6 3. g3 Nc6 4. Bg2 g6 5. d3 Bg7 6. Be3 d6 7. f4 Nge7 8. Nf3 O-O
9. O-O Rb8 10. a4 a6 11. d4 Qb6 12. a5 Qxb2 13. Na4 Qb5 14. c3 cxd4 15. Nxd4
Nxd4 16. Bxd4 Bxd4+ 17. Qxd4 d5 18. Rfb1 Qd7 19. Nb6 Qc7 20. c4 dxe4 21. Rd1 Nc6
22. Qd6 Qxd6 23. Rxd6 e5 24. Bxe4 exf4 25. gxf4 Nd8 26. Kf2 Ne6 27. Kf3 Re8 28.
Bd5 Nd4+ 29. Kf2 Re2+ 30. Kg1 Be6 31. Rb1 Nf5 32. Nd7 Nxd6 33. Nxb8 Bxd5 34.
cxd5 Rd2 35. Nd7 Kg7 36. Nb6 Ra2 0-1

[Event "Moscow Open C University Men"]
[Site "Moscow RUS"]
[Date "2011.02.01"]
[Round "4.23"]
[White "Kretov, Evgueij"]
[Black "Babkin, Ivan"]
[Result "1-0"]
[WhiteElo "2210"]
[BlackElo "1953"]
[WhiteFideId "4167821"]
[BlackFideId "24142433"]
[EventDate "2011.01.29"]

1. d4 f5 2. Nc3 Nf6 3. Bg5 d5 4. Bxf6 exf6 5. e3 c6 6. Bd3 Bd6 7. Qd2 Be6 8. h4
Qc7 9. Nh3 Nd7 10. Ne2 Nf8 11. Nhf4 Bxf4 12. Nxf4 Qf7 13. h5 Nd7 14. Qb4 Nb6 15.
a4 O-O-O 16. b3 g5 17. Ne2 Qf8 18. Qc3 Qd6 19. a5 Nd7 20. Qd2 Nb8 21. c4 dxc4
22. bxc4 a6 23. O-O Qd7 24. Rfc1 Qf7 25. d5 Bd7 26. Ng3 Rhe8 27. Nxf5 Bxf5 28.
Bxf5+ Kc7 29. Qb4 Nd7 30. Rab1 Rb8 31. c5 Qxd5 32. e4 Qe5 33. Rd1 Re7 34. Qb6+
Kc8 35. Rd6 Qxf5 36. Rxc6+ bxc6 37. Qxc6+ Kd8 38. Rxb8+ Nxb8 39. Qb6+ Kc8 40.
exf5 Rc7 41. Qxf6 Nd7 42. Qxa6+ 1-0

[Event "Moscow Open C University Men"]
[Site "Moscow RUS"]
[Date "2011.02.01"]
[Round "4.24"]
[White "Gureev, Dmitry"]
[Black "Myshkin, Nikita"]
[Result "1-0"]
[WhiteElo "2038"]
[BlackElo "2174"]
[WhiteFideId "24144428"]
[BlackFideId "4124561"]
[EventDate "2011.01.29"]

1. d4 Nf6 2. c4 e6 3. Nc3 Bb4 4. e3 c5 5. Bd3 Nc6 6. Nf3 O-O 7. O-O d5 8. a3
Bxc3 9. bxc3 Qc7 10. Qc2 dxc4 11. Bxc4 e5 12. d5 Na5 13. Ba2 e4 14. Nd2 Qe5 15.
f4 exf3 16. Nxf3 Qe4 17. Qf2 c4 18. Ng5 Qxd5 19. e4 Nxe4 20. Nxe4 Qxe4 21. Bf4
Be6 22. Rae1 Qc6 23. Bb1 Bd5 24. Qh4 h6 25. Be5 f6 26. Bf4 f5 27. Be5 Be4 28.
Qg3 Qd7 29. Rd1 Bd3 30. Bxd3 cxd3 31. Rxd3 Qe7 32. Bd6 Qf6 33. Bxf8 Rxf8 34. Rd7
Nc4 35. Kh1 g5 36. Rxb7 Nd6 37. Rxa7 Rc8 38. Ra6 1-0

[Event "Moscow Open C University Men"]
[Site "Moscow RUS"]
[Date "2011.02.01"]
[Round "4.25"]
[White "Vorobjev, Dmitry"]
[Black "Grinenko, Viktor"]
[Result "0-1"]
[WhiteElo "2154"]
[BlackElo "1981"]
[WhiteFideId "24112178"]
[BlackFideId "4110609"]
[EventDate "2011.01.29"]

1. e4 e5 2. Nf3 Nc6 3. Bb5 Nf6 4. d3 Bc5 5. c3 Qe7 6. O-O O-O 7. Nbd2 a6 8. Ba4
b5 9. Bc2 Bb7 10. Re1 Bb6 11. Nf1 Rfe8 12. Ng3 d6 13. Nf5 Qd7 14. Qd2 Nh5 15.
Qg5 g6 16. Bb3 Nd8 17. g4 Ng7 18. Nh6+ Kf8 19. Qh4 Nde6 20. Bg5 c5 21. Bf6 Bd8
22. g5 Nh5 23. a4 c4 24. dxc4 Bb6 25. a5 Bc5 26. cxb5 Nef4 27. Ng4 Qxb5 28. Nd2
Ne2+ 29. Kh1 Qd3 30. Rxe2 Qxe2 31. Rd1 Bxe4+ 32. Nxe4 Qxe4+ 33. Kg1 Rab8 34.
Bxf7 Rxb2 35. Bd5 Bxf2+ 36. Kf1 Qe2+ 0-1